000
00203 a2200097 4500
001
8082
100
_a
Kingston Mc Cloughky E J
245
_a
Global Strategy
260
_a
_b
Cape
_c
090
_c
6485
_d
6485
942
_a
NUST-CAE
_c
M
_c
33028
999
_c
243155
_d
243155